[Event "Premijer  Liga Crne Gore u sahu za 2015."]
[Site "Bar"]
[Date "2015.10.03"]
[Round "8.1"]
[White "Roganovic, Milos"]
[Black "Bogosavljevic, Boban"]
[Result "1/2-1/2"]
[WhiteElo "2526"]
[BlackElo "2520"]
[PlyCount "37"]
[EventDate "2015.09.26"]

1. e4 c5 2. Nf3 Nc6 3. d4 cxd4 4. Nxd4 d6 5. c4 Nf6 6. Nc3 Nxd4 7. Qxd4 g6 8.
c5 Bg7 9. Bb5+ Bd7 10. Bxd7+ Qxd7 11. cxd6 O-O 12. O-O Ne8 13. Qd5 e6 14. Qb5
Qxb5 15. Nxb5 a6 16. Nc7 Nxc7 17. dxc7 Rfc8 18. Bf4 e5 19. Be3 1/2-1/2

[Event "Premijer  Liga Crne Gore u sahu za 2015."]
[Site "Bar"]
[Date "2015.10.03"]
[Round "8.1"]
[White "Miljkovic, Miroslav D"]
[Black "Simic, Dragisa"]
[Result "1/2-1/2"]
[WhiteElo "2493"]
[BlackElo "2309"]
[PlyCount "43"]
[EventDate "2015.09.26"]

1. d4 Nf6 2. c4 g6 3. Nc3 Bg7 4. e4 d6 5. h3 O-O 6. Nf3 c5 7. d5 e6 8. Bd3 exd5
9. exd5 Re8+ 10. Be3 Bh6 11. O-O Bxe3 12. fxe3 Nbd7 13. Qd2 Rf8 14. e4 Ne8 15.
Rf2 f6 16. Raf1 Qe7 17. Qf4 Ne5 18. Nxe5 dxe5 19. Qh4 Kg7 20. Rf3 Bd7 21. Qf2
b6 22. Nd1 1/2-1/2

[Event "Premijer  Liga Crne Gore u sahu za 2015."]
[Site "Bar"]
[Date "2015.10.03"]
[Round "8.1"]
[White "Mrsevic, Miroslav"]
[Black "Miljanic, Boro"]
[Result "0-1"]
[WhiteElo "2268"]
[BlackElo "2378"]
[PlyCount "70"]
[EventDate "2015.09.26"]

1. e4 c5 2. d3 Nc6 3. g3 g6 4. Nc3 Bg7 5. Be3 d6 6. Bg2 Rb8 7. Qd2 e6 8. Nf3
Nd4 9. Bxd4 cxd4 10. Nb5 Ne7 11. Nbxd4 Nc6 12. c3 Nxd4 13. Nxd4 O-O 14. Ne2 b5
15. O-O a5 16. d4 e5 17. Rfd1 Be6 18. b3 a4 19. d5 Bd7 20. Nc1 f5 21. Nd3 f4
22. c4 bxc4 23. bxc4 Rc8 24. Rdc1 h5 25. c5 fxg3 26. hxg3 h4 27. cxd6 hxg3 28.
fxg3 Qb6+ 29. Kh2 Kh7 30. Rxc8 Rxc8 31. Qb4 Qe3 32. Qb7 Bg4 33. Qe7 Kh8 34. Bh3
Bxh3 35. Nxe5 Qe2+ 0-1

[Event "Premijer  Liga Crne Gore u sahu za 2015."]
[Site "Bar"]
[Date "2015.10.03"]
[Round "8.1"]
[White "Kontic, Djordjije"]
[Black "Sukovic, Andrej"]
[Result "1-0"]
[WhiteElo "2314"]
[BlackElo "1999"]
[PlyCount "69"]
[EventDate "2015.09.26"]

1. e4 c5 2. Nf3 d6 3. Nc3 a6 4. g3 g6 5. Bg2 Nc6 6. d4 cxd4 7. Nxd4 Bg7 8. Nde2
Nf6 9. O-O O-O 10. h3 Qa5 11. Nd5 Nxd5 12. exd5 Ne5 13. a4 Qc7 14. Ra2 b5 15.
axb5 Bb7 16. b6 Qxb6 17. Be3 Qc7 18. Bd4 a5 19. f4 Nd7 20. Bxg7 Kxg7 21. Qd4+
Kg8 22. Rfa1 Rfc8 23. Nc3 Nb6 24. Rxa5 Rxa5 25. Rxa5 Nxd5 26. Rxd5 Bxd5 27.
Nxd5 Qd7 28. c4 Qe6 29. Kf2 Qd7 30. b4 f6 31. b5 Kg7 32. g4 h6 33. Kg3 Ra8 34.
Qe3 e5 35. Nb6 1-0

[Event "Premijer  Liga Crne Gore u sahu za 2015."]
[Site "Bar"]
[Date "2015.10.03"]
[Round "8.1"]
[White "Cetkovic, Miodrag"]
[Black "Milovic, Jovan"]
[Result "0-1"]
[WhiteElo "2136"]
[BlackElo "2338"]
[PlyCount "86"]
[EventDate "2015.09.26"]

1. e4 c5 2. Nc3 a6 3. Nf3 g6 4. d4 cxd4 5. Nxd4 Bg7 6. Be3 d6 7. Be2 Nf6 8. Nb3
O-O 9. g4 Nc6 10. g5 Nd7 11. Qd2 b5 12. O-O-O Nb6 13. f4 Na4 14. Nxa4 bxa4 15.
Nd4 Rb8 16. c3 Bd7 17. h4 Qa5 18. Kb1 Rb7 19. Rc1 Rfb8 20. Rc2 e5 21. fxe5 Qxe5
22. Bd3 Qa5 23. Bc4 Ne5 24. Bd5 Rc7 25. Qf2 Rxc3 26. Qd2 Rc5 27. Qxa5 Rxa5 28.
h5 Rc5 29. hxg6 hxg6 30. Rhc1 Nd3 31. Rf1 Rxd5 32. exd5 Nb4 33. Rd2 Nxd5 34.
Bg1 Nc3+ 35. Ka1 Ne4 36. Rc2 Nxg5 37. a3 Ne4 38. Rd1 Nc5 39. Rg2 Re8 40. Kb1
Re4 41. Kc2 Nb3 42. Kc3 Bg4 43. Rd3 Be2 0-1

[Event "Premijer  Liga Crne Gore u sahu za 2015."]
[Site "Bar"]
[Date "2015.10.03"]
[Round "8.1"]
[White "Milovic, Aleksandra"]
[Black "Ratkovic, Milorad"]
[Result "1/2-1/2"]
[WhiteElo "2194"]
[BlackElo "2134"]
[PlyCount "122"]
[EventDate "2015.09.26"]

1. d4 e6 2. e4 c5 3. d5 exd5 4. exd5 d6 5. Bb5+ Bd7 6. Qe2+ Qe7 7. Nc3 Qxe2+ 8.
Ngxe2 a6 9. Bd3 b5 10. Ng3 g6 11. O-O f5 12. a4 b4 13. Nce2 Nf6 14. Bc4 Ng4 15.
b3 Bg7 16. Rb1 Kf7 17. Bb2 Bxb2 18. Rxb2 Ne5 19. a5 Bb5 20. Bxb5 axb5 21. c3
Na6 22. Rc1 Rhe8 23. Ra1 Re7 24. cxb4 Nd3 25. Rd2 Ndxb4 26. Nc3 Nc7 27. Kf1 h5
28. Nge2 g5 29. g3 Rae8 30. h4 gxh4 31. gxh4 Rg8 32. Ng3 Kg6 33. Nce2 Ncxd5 34.
Rad1 f4 35. Rxd5 Nxd5 36. Rxd5 fxg3 37. Rxd6+ Kf7 38. Nxg3 Ra8 39. Rc6 Re5 40.
a6 Ke8 41. Rb6 b4 42. Ne2 Kd7 43. Nf4 Kc7 44. Rg6 Rae8 45. Nd3 Rd5 46. Nb2 Kb8
47. Rg7 Rd6 48. a7+ Ka8 49. Rc7 Ra6 50. Nd3 Rd8 51. Nxc5 Rxa7 52. Rc6 Ra1+ 53.
Kg2 Rg8+ 54. Kf3 Rh1 55. Ra6+ Kb8 56. Rb6+ Kc7 57. Rxb4 Rh3+ 58. Ke2 Kc6 59.
Ne4 Rxh4 60. Rc4+ Kb6 61. Ke3 Rh3+ 1/2-1/2

[Event "Premijer  Liga Crne Gore u sahu za 2015."]
[Site "Bar"]
[Date "2015.10.03"]
[Round "8.2"]
[White "Brenjo, Slavisa"]
[Black "Sedlak, Nikola"]
[Result "0-1"]
[WhiteElo "2458"]
[BlackElo "2549"]
[PlyCount "118"]
[EventDate "2015.09.26"]

1. e4 e6 2. d4 d5 3. Nc3 Nf6 4. Bg5 dxe4 5. Nxe4 Be7 6. Bxf6 gxf6 7. Nf3 f5 8.
Nc3 a6 9. Qe2 b5 10. O-O-O b4 11. Na4 Qd5 12. b3 Bd7 13. Nc5 Bxc5 14. dxc5 Qxc5
15. Qd2 Qc3 16. Qxc3 bxc3 17. Ne5 Bb5 18. g3 Bxf1 19. Rhxf1 f6 20. Nf3 Nc6 21.
Rfe1 e5 22. Nh4 Kf7 23. Nxf5 Rad8 24. Ne3 Ke6 25. f4 Rd4 26. f5+ Kd6 27. a3 h5
28. Rf1 a5 29. Rf3 Rd8 30. Nc4+ Kc5 31. Re1 Rxc4 32. bxc4 Rd2 33. h3 Nd4 34.
Rxc3 Rf2 35. g4 hxg4 36. hxg4 Ne2+ 37. Rxe2 Rxe2 38. g5 fxg5 39. Rg3 Kxc4 40.
Rxg5 Rf2 41. Rg4+ Kc3 42. Rg3+ Kd4 43. Rd3+ Ke4 44. Rc3 Rxf5 45. Kd2 Rf2+ 46.
Ke1 Rf3 47. Rc4+ Kf5 48. c3 Rf4 49. Rxc7 Ra4 50. Ke2 Ke4 51. Rh7 Rxa3 52. Rh4+
Kd5 53. Kd3 Ra2 54. Rh8 a4 55. Rd8+ Kc5 56. Rc8+ Kd6 57. Ra8 a3 58. Ra6+ Kd7
59. c4 Ra1 0-1

[Event "Premijer  Liga Crne Gore u sahu za 2015."]
[Site "Bar"]
[Date "2015.10.03"]
[Round "8.2"]
[White "Drasko, Milan"]
[Black "Savic, Miodrag R"]
[Result "1/2-1/2"]
[WhiteElo "2446"]
[BlackElo "2503"]
[PlyCount "23"]
[EventDate "2015.09.26"]

1. d4 Nf6 2. c4 e6 3. Nc3 d5 4. cxd5 exd5 5. Bg5 c6 6. e3 h6 7. Bh4 Be7 8. Qc2
O-O 9. Bd3 Re8 10. Nge2 Nbd7 11. O-O Nf8 12. f3 1/2-1/2

[Event "Premijer  Liga Crne Gore u sahu za 2015."]
[Site "Bar"]
[Date "2015.10.03"]
[Round "8.2"]
[White "Blagojevic, Tijana"]
[Black "Lekic, Dusan"]
[Result "1/2-1/2"]
[WhiteElo "2307"]
[BlackElo "2377"]
[PlyCount "52"]
[EventDate "2015.09.26"]

1. e4 c5 2. Nf3 d6 3. Bb5+ Bd7 4. Bxd7+ Qxd7 5. O-O Nf6 6. Qe2 Nc6 7. Rd1 g5 8.
c3 g4 9. Nh4 Qe6 10. d3 O-O-O 11. Bf4 c4 12. dxc4 Qxe4 13. Qxe4 Nxe4 14. Nd2
Nxd2 15. Rxd2 e6 16. Bg5 Be7 17. Bxe7 Nxe7 18. Rad1 Kc7 19. Rd4 h5 20. f4 d5
21. cxd5 Nxd5 22. Kf2 b5 23. g3 Nb6 24. Ke1 Rxd4 25. Rxd4 Na4 26. Rd2 Rd8
1/2-1/2

[Event "Premijer  Liga Crne Gore u sahu za 2015."]
[Site "Bar"]
[Date "2015.10.03"]
[Round "8.2"]
[White "Draganic, Veljko"]
[Black "Saric, Igor"]
[Result "0-1"]
[WhiteElo "2375"]
[BlackElo "2308"]
[Annotator "user"]
[PlyCount "58"]
[EventDate "2015.09.26"]

1. e4 e6 2. d4 d5 3. Nc3 dxe4 4. Nxe4 Bd7 5. Nf3 Bc6 6. Neg5 Nd7 7. Nxf7 Kxf7
8. Ng5+ Ke8 9. Bd3 Qf6 10. O-O Be7 11. Nxh7 Qh4 12. c4 Rxh7 13. Bxh7 Qxh7 14.
d5 exd5 15. cxd5 Bb5 16. Re1 Qd3 17. Qh5+ Kf8 18. Bg5 Ndf6 19. Bxf6 Nxf6 20.
Qh8+ Ng8 21. Rad1 Qg6 22. Qh3 Rd8 23. Qb3 Bd7 24. Rd3 b6 25. Rf3+ Nf6 26. Qc4
Bd6 27. h3 Re8 28. Rxe8+ Kxe8 29. g4 Kd8 {...} 0-1

[Event "Premijer  Liga Crne Gore u sahu za 2015."]
[Site "Bar"]
[Date "2015.10.03"]
[Round "8.2"]
[White "Perosevic, Aleksandar"]
[Black "Todorovic, Jovan"]
[Result "1/2-1/2"]
[WhiteElo "2159"]
[BlackElo "2394"]
[PlyCount "69"]
[EventDate "2015.09.26"]

1. e4 c5 2. Nf3 d6 3. d4 cxd4 4. Nxd4 Nf6 5. Nc3 Nc6 6. Bc4 e6 7. Be3 a6 8. Qe2
Qc7 9. Bb3 Na5 10. g4 b5 11. g5 Nd7 12. Bxe6 fxe6 13. Nxe6 Qc4 14. Qxc4 Nxc4
15. Nc7+ Kd8 16. Nxa8 Nxe3 17. fxe3 Bb7 18. O-O Bxa8 19. Rf7 Ke8 20. Raf1 b4
21. Nd5 Bxd5 22. exd5 Rg8 23. h4 Be7 24. R7f4 a5 25. a3 bxa3 26. bxa3 h6 27. g6
Ne5 28. h5 Kd7 29. Rb1 Rc8 30. Rb7+ Ke8 31. Ra7 Rxc2 32. Rxa5 Bg5 33. Ra8+ Ke7
34. Ra7+ Ke8 35. Ra8+ 1/2-1/2

[Event "Premijer  Liga Crne Gore u sahu za 2015."]
[Site "Bar"]
[Date "2015.10.03"]
[Round "8.3"]
[White "Blagojevic, Dragisa"]
[Black "Arsovic, Zoran"]
[Result "1/2-1/2"]
[WhiteElo "2486"]
[BlackElo "2421"]
[PlyCount "59"]
[EventDate "2015.09.26"]

1. d4 Nf6 2. c4 g6 3. Nf3 Bg7 4. g3 O-O 5. Bg2 c5 6. Nc3 cxd4 7. Nxd4 Nc6 8.
O-O Qa5 9. e3 Ne5 10. Qe2 d6 11. h3 Bd7 12. Bd2 Qb6 13. b3 Rac8 14. Rac1 Rfe8
15. Rfd1 Nc6 16. Nf3 Qc5 17. e4 Qh5 18. Ne1 Qa5 19. Nc2 a6 20. Na4 Qc7 21. Be3
Be6 22. Nb6 Rcd8 23. Kh2 Nd7 24. Nd5 Qa5 25. a3 Rc8 26. Bb6 Nxb6 27. b4 Nxd5
28. exd5 Qa4 29. dxe6 f5 30. f4 1/2-1/2

[Event "Premijer  Liga Crne Gore u sahu za 2015."]
[Site "Bar"]
[Date "2015.10.03"]
[Round "8.3"]
[White "Arsovic, Goran"]
[Black "Potpara, Nikola"]
[Result "1/2-1/2"]
[WhiteElo "2389"]
[BlackElo "2406"]
[PlyCount "138"]
[EventDate "2015.09.26"]

1. d4 Nf6 2. Nf3 e6 3. c4 Bb4+ 4. Bd2 a5 5. g3 d6 6. Bg2 Nbd7 7. O-O e5 8. Bg5
exd4 9. Nxd4 O-O 10. Qc2 h6 11. Bf4 Re8 12. Nc3 Nb6 13. Rad1 a4 14. h3 Qe7 15.
b3 c6 16. e4 axb3 17. axb3 Bd7 18. Nde2 Bc5 19. Qd3 Nc8 20. Ra1 Nb6 21. Rfd1
Rxa1 22. Rxa1 Be6 23. Rd1 Nc8 24. Be3 Nd7 25. Nd4 Ne5 26. Qe2 Bd7 27. Nc2 Bxe3
28. Nxe3 g5 29. Rc1 Ng6 30. Qh5 Kg7 31. Rd1 Qf6 32. Ne2 Re5 33. Nd4 Nce7 34.
Ng4 Bxg4 35. Qxg4 Ra5 36. Qe2 Qe5 37. Qd2 Ra8 38. Nf3 Qxe4 39. Nxg5 Qf5 40. Ne4
d5 41. Nd6 Qe5 42. Nxb7 Ra7 43. Re1 Ra1 44. Rxa1 Qxa1+ 45. Kh2 dxc4 46. bxc4 h5
47. h4 Qe5 48. Nd6 f5 49. f4 Qe6 50. Bf3 Kh6 51. Qd4 Ng8 52. Bxc6 Nf6 53. Bf3
Ng4+ 54. Bxg4 hxg4 55. Qd3 Ne7 56. Kg2 Kg6 57. Kf2 Qf6 58. Nb5 Qa1 59. Qe2 Kf7
60. Nd6+ Kf6 61. Qe5+ Qxe5 62. fxe5+ Kxe5 63. Nb5 f4 64. h5 Nf5 65. gxf4+ Kxf4
66. Nc3 g3+ 67. Kg1 Kg5 68. c5 Kxh5 69. Ne4 Ne7 1/2-1/2

[Event "Premijer  Liga Crne Gore u sahu za 2015."]
[Site "Bar"]
[Date "2015.10.03"]
[Round "8.3"]
[White "Milanovic, Slavisa"]
[Black "Vlatkovic, Milos"]
[Result "1/2-1/2"]
[WhiteElo "2381"]
[BlackElo "2333"]
[PlyCount "37"]
[EventDate "2015.09.26"]

1. c4 e5 2. Nc3 Nf6 3. Nf3 Nc6 4. a3 e4 5. Ng5 Qe7 6. d3 exd3 7. Qxd3 Ne5 8.
Qc2 c6 9. e4 h6 10. Nf3 Nxf3+ 11. gxf3 Nh5 12. Be3 Qf6 13. O-O-O Bd6 14. Qd2
Be5 15. Bh3 d6 16. Bg4 Nf4 17. Ne2 Nxe2+ 18. Qxe2 Be6 19. Kb1 1/2-1/2

[Event "Premijer  Liga Crne Gore u sahu za 2015."]
[Site "Bar"]
[Date "2015.10.03"]
[Round "8.3"]
[White "Geler, Aleksandar"]
[Black "Rajkovic, Dusan"]
[Result "1-0"]
[WhiteElo "2229"]
[BlackElo "2367"]
[PlyCount "57"]
[EventDate "2015.09.26"]

1. d4 Nf6 2. c4 e6 3. g3 c5 4. d5 exd5 5. cxd5 b5 6. e4 Nxe4 7. Qe2 Qe7 8. Bg2
Nd6 9. Be3 b4 10. Bxc5 Na6 11. Bxd6 Qxe2+ 12. Nxe2 Bxd6 13. Nd2 Bb7 14. Nc4 Bc5
15. Na5 O-O-O 16. O-O d6 17. Rfd1 Rde8 18. Nd4 Kb8 19. a3 bxa3 20. bxa3 Ka8 21.
Rab1 Re7 22. Ndc6 Rc7 23. Rb5 Bc8 24. Be4 Re8 25. Rdb1 Bh3 26. Bd3 Bb6 27. Nc4
Bc5 28. R5b3 Bd7 29. Nxd6 1-0

[Event "Premijer  Liga Crne Gore u sahu za 2015."]
[Site "Bar"]
[Date "2015.10.03"]
[Round "8.3"]
[White "Bujisic, Vlastimir"]
[Black "Petijevic, Vaso"]
[Result "1/2-1/2"]
[WhiteElo "2186"]
[BlackElo "2267"]
[PlyCount "101"]
[EventDate "2015.09.26"]

1. e4 e5 2. Nf3 Nf6 3. Nc3 Bb4 4. Nxe5 O-O 5. Be2 Re8 6. Nf3 Bxc3 7. dxc3 Nxe4
8. O-O d6 9. h3 Nd7 10. Bf4 Nf8 11. Nd2 Qh4 12. Nxe4 Qxf4 13. Ng3 Ng6 14. Qd4
Qxd4 15. cxd4 Nf4 16. Bf3 Ne6 17. Rfe1 Bd7 18. c3 Rab8 19. Rad1 Ng5 20. Bg4
Bxg4 21. hxg4 Kf8 22. d5 h6 23. f3 Nh7 24. Rxe8+ Rxe8 25. Kf2 Nf6 26. Nf5 Re5
27. Ne3 g6 28. c4 a5 29. Nc2 Nd7 30. Nd4 Nc5 31. b3 Ke7 32. a3 Kd7 33. b4 axb4
34. axb4 Na4 35. Rd2 Nb6 36. Rc2 Re8 37. Nb3 Re5 38. Nd2 f5 39. f4 Re8 40. gxf5
gxf5 41. Ra2 Re7 42. Ra1 h5 43. Rh1 Rh7 44. Ke3 h4 45. Rh3 Rg7 46. Rxh4 Rxg2
47. Rh7+ Kd8 48. Rf7 Rg3+ 49. Kd4 Rg2 50. Ke3 Rg3+ 51. Kd4 1/2-1/2

[Event "Premijer  Liga Crne Gore u sahu za 2015."]
[Site "Bar"]
[Date "2015.10.03"]
[Round "8.3"]
[White "Maric, Bozo"]
[Black "Krstonijevic, Stjepan"]
[Result "1/2-1/2"]
[WhiteElo "2239"]
[BlackElo "2134"]
[PlyCount "54"]
[EventDate "2015.09.26"]

1. Nf3 d5 2. g3 Nf6 3. Bg2 c6 4. O-O Bg4 5. d3 Nbd7 6. Qe1 e5 7. e4 Bxf3 8.
Bxf3 dxe4 9. dxe4 Qc7 10. Nd2 Be7 11. Nc4 O-O 12. a4 Nc5 13. b3 Rfe8 14. Bb2
Bf8 15. Bg2 b5 16. Qa5 Qxa5 17. Nxa5 Rac8 18. axb5 cxb5 19. f3 Ncxe4 20. fxe4
Rxc2 21. Ba3 b4 22. Bc1 Bc5+ 23. Kh1 Bd4 24. Rb1 Ng4 25. Nc4 Nf2+ 26. Kg1 Nh3+
27. Kh1 Nf2+ 1/2-1/2

[Event "Premijer  Liga Crne Gore u sahu za 2015."]
[Site "Bar"]
[Date "2015.10.03"]
[Round "8.5"]
[White "Milanovic, Danilo"]
[Black "Ivanisevic, Ivan"]
[Result "0-1"]
[WhiteElo "2462"]
[BlackElo "2658"]
[PlyCount "58"]
[EventDate "2015.09.26"]

1. d4 Nf6 2. c4 e6 3. Nc3 Bb4 4. e3 O-O 5. Nge2 d5 6. cxd5 exd5 7. Nf4 c6 8.
Bd3 Re8 9. O-O Nbd7 10. f3 Nf8 11. Bc2 Ng6 12. Nxg6 hxg6 13. a3 Bd6 14. b4 a5
15. Rb1 axb4 16. axb4 Bc7 17. Rf2 Qd6 18. g4 Bd7 19. Bd3 Re7 20. Bf1 Rae8 21.
Rb3 b5 22. Ne2 Bxg4 23. fxg4 Nxg4 24. Rg2 Nxe3 25. Bxe3 Rxe3 26. h4 Qf6 27.
Rxe3 Rxe3 28. Qc1 Rf3 29. Qe1 Bd6 0-1

[Event "Premijer  Liga Crne Gore u sahu za 2015."]
[Site "Bar"]
[Date "2015.10.03"]
[Round "8.5"]
[White "Markus, Robert"]
[Black "Tadic, Branko"]
[Result "1-0"]
[WhiteElo "2621"]
[BlackElo "2488"]
[PlyCount "191"]
[EventDate "2015.09.26"]

1. d4 Nf6 2. c4 g6 3. Nc3 Bg7 4. e4 d6 5. Nf3 O-O 6. Be2 e5 7. Be3 exd4 8. Nxd4
Re8 9. f3 c6 10. Bf2 d5 11. exd5 cxd5 12. O-O Nc6 13. c5 Re5 14. Bb5 Bd7 15.
Bxc6 bxc6 16. Re1 Rxe1+ 17. Qxe1 Qf8 18. b4 Nh5 19. g3 Re8 20. Qf1 Bh6 21. Re1
Ng7 22. Rxe8 Qxe8 23. b5 cxb5 24. Ncxb5 Ne6 25. Nxe6 Qxe6 26. Nxa7 Be3 27. Nb5
Bxf2+ 28. Kxf2 Qc6 29. Nd4 Qxc5 30. Qd3 Bb5 31. Qe3 Bc4 32. a3 h5 33. g4 Qd6
34. Kg2 hxg4 35. fxg4 Kg7 36. Nf3 f6 37. h4 Qd7 38. Kg3 Qd6+ 39. Kf2 Kf7 40. g5
fxg5 41. hxg5 Bb5 42. Qd4 Bd7 43. a4 Bf5 44. a5 Be4 45. Qa7+ Kg8 46. a6 Bxf3
47. Qa8+ Kf7 48. Qb7+ Ke6 49. Kxf3 Qa3+ 50. Ke2 Qa2+ 51. Kd1 Qa1+ 52. Kc2 Qa2+
53. Kc3 d4+ 54. Kxd4 Qd2+ 55. Kc4 Qc2+ 56. Kb4 Qb2+ 57. Kc4 Qc2+ 58. Kd4 Qd2+
59. Ke4 Qe2+ 60. Kf4 Qd2+ 61. Kg4 Qd4+ 62. Kg3 Qe5+ 63. Kf2 Qd4+ 64. Ke1 Qc3+
65. Kd1 Qa1+ 66. Kc2 Kf5 67. Qb5+ Kg4 68. Kb3 Qb1+ 69. Kc4 Qc2+ 70. Kd5 Kh5 71.
Kd6 Qh2+ 72. Kc6 Qc2+ 73. Qc5 Qe4+ 74. Kc7 Qf4+ 75. Kd8 Qd2+ 76. Kc8 Qa2 77. a7
Qg8+ 78. Kd7 Qf7+ 79. Kd8 Qg8+ 80. Ke7 Qg7+ 81. Ke6 Qg8+ 82. Ke5 Qg7+ 83. Ke4
Qb7+ 84. Kd4 Qd7+ 85. Kc3 Qa4 86. Qd4 Qa3+ 87. Kc2 Qa2+ 88. Kc1 Qa3+ 89. Kd2
Qa2+ 90. Ke1 Qa5+ 91. Ke2 Qa2+ 92. Kf3 Qb3+ 93. Qe3 Qd1+ 94. Qe2 Qa4 95. Kg3+
Kxg5 96. Qe5+ 1-0

[Event "Premijer  Liga Crne Gore u sahu za 2015."]
[Site "Bar"]
[Date "2015.10.03"]
[Round "8.5"]
[White "Benderac, Srdjan"]
[Black "Djukic, Nikola"]
[Result "0-1"]
[WhiteElo "2296"]
[BlackElo "2546"]
[PlyCount "44"]
[EventDate "2015.09.26"]

1. e4 c5 2. Nf3 d6 3. d4 cxd4 4. Nxd4 Nf6 5. Nc3 a6 6. Bg5 Nbd7 7. Bc4 Qb6 8.
Bb3 e6 9. Qd2 Be7 10. O-O-O Nc5 11. Rhe1 Qc7 12. f4 h6 13. Bh4 Nfxe4 14. Nxe4
Bxh4 15. Nf5 Bxe1 16. Nexd6+ Kf8 17. Qxe1 Bd7 18. Ng3 Rd8 19. Nge4 Nxb3+ 20.
axb3 Bc6 21. Ng3 Rxd6 22. Qb4 Ke7 0-1

[Event "Premijer  Liga Crne Gore u sahu za 2015."]
[Site "Bar"]
[Date "2015.10.03"]
[Round "8.5"]
[White "Kalezic, Blazo"]
[Black "Tomic, Aleksandar"]
[Result "1-0"]
[WhiteElo "2435"]
[BlackElo "2298"]
[PlyCount "36"]
[EventDate "2015.09.26"]

1. e4 c5 2. Nf3 Nc6 3. Nc3 g6 4. d4 cxd4 5. Nxd4 Bg7 6. Be3 Nf6 7. Bc4 Qa5 8.
O-O O-O 9. Bb3 d6 10. h3 Bd7 11. Re1 Rac8 12. Qe2 Nxe4 13. Nxc6 Bxc6 14. Nxe4
d5 15. Bd2 Qb6 16. Nc3 d4 17. Ne4 h6 18. Qg4 Be8 1-0

[Event "Premijer  Liga Crne Gore u sahu za 2015."]
[Site "Bar"]
[Date "2015.10.03"]
[Round "8.5"]
[White "Kisic, Bozidar"]
[Black "Pajkovic, Vladimir"]
[Result "0-1"]
[WhiteElo "2173"]
[BlackElo "2421"]
[PlyCount "66"]
[EventDate "2015.09.26"]

1. d4 d5 2. c4 c6 3. Nf3 Nf6 4. Nc3 dxc4 5. e4 b5 6. e5 Nd5 7. a4 e6 8. Ng5 h6
9. Nge4 b4 10. Nb1 Ba6 11. Nbd2 c3 12. Nc4 Bxc4 13. Bxc4 Qh4 14. Qf3 cxb2 15.
Bxb2 Nd7 16. O-O Be7 17. g3 Qh3 18. Qe2 f5 19. exf6 N7xf6 20. Nxf6+ gxf6 21. f4
h5 22. Bxd5 cxd5 23. f5 h4 24. g4 Rg8 25. Rf4 exf5 26. Re1 Rxg4+ 27. Kh1 Rg7
28. Qb5+ Kf8 29. Qxd5 Rc8 30. Qb7 Rc2 31. Qa8+ Kf7 32. Qd5+ Kg6 33. Rg1+ Kh6
0-1

[Event "Premijer  Liga Crne Gore u sahu za 2015."]
[Site "Bar"]
[Date "2015.10.03"]
[Round "8.5"]
[White "Nikac, Predrag"]
[Black "Prijovic, Bojan"]
[Result "1-0"]
[WhiteElo "2249"]
[BlackElo "2016"]
[PlyCount "79"]
[EventDate "2015.09.26"]

1. e4 e5 2. Bc4 Nf6 3. d3 Nc6 4. Nf3 Be7 5. O-O O-O 6. Re1 d6 7. a4 Bg4 8. h3
Bh5 9. Nbd2 Na5 10. Ba2 c5 11. Nf1 Qd7 12. Ng3 Bg6 13. Nh4 Rfe8 14. Nhf5 Bd8
15. Qf3 Nc6 16. c3 a6 17. Be3 Rb8 18. h4 h5 19. Bg5 Ng4 20. Ne3 Bxg5 21. hxg5
Nd8 22. Nxg4 hxg4 23. Qe2 b5 24. Bb3 b4 25. Bd1 Ne6 26. Qxg4 Qd8 27. Nf5 Rb6
28. a5 Rb8 29. Ba4 Rf8 30. Nh4 Qxg5 31. Qxg5 Nxg5 32. Nxg6 fxg6 33. Bb3+ Kh7
34. Bc4 Ra8 35. cxb4 cxb4 36. Ra4 Rfb8 37. f4 exf4 38. Kf2 Kh8 39. Rh1+ Nh7 40.
Bf7 1-0